| 000 | 00820nam a22002417a 4500 | ||
|---|---|---|---|
| 008 | 090305t xxu||||| |||| 00| 0 eng d | ||
| 010 | _aENG-93089 | ||
| 020 |
_c75.00 _a9788190715225 |
||
| 035 | _aEN-76622 | ||
| 037 | _bDBAD / PUB | ||
| 040 |
_adpl _bEnglish |
||
| 082 | _a332 | ||
| 100 | _aXavior Selvakumar, A. | ||
| 245 |
_aBasic finance / _cby A. Xavior Selvakumar |
||
| 260 |
_aChennai _bVizhichudar Pathippagam _c2008 |
||
| 270 |
_a38, Bharathi Nagar Muthanmai Salai, Kolathur, _bChennai _e600099 |
||
| 300 |
_a115p. _c22cm (pbk) |
||
| 650 | _aFinance. | ||
| 650 | _aMoney. | ||
| 650 | _aBanks and banking. | ||
| 942 |
_2ddc _cEN _mSEL _h332 |
||
| 999 |
_c24843 _d24843 |
||